Koncepcia partizánskej činnosti na Slovensku - plány a skutočnosť

Bibliographic Details
Main Author: Cséfalvay, František, 1953- (Author)
Format: Article
Language:Slovak
Subjects:

MARC

LEADER 00000naa a2200000 ar4500
001 vtls009327378
003 SK-MaSNL
005 20260302144349.0
008 180409|1994 xo g||||| 100 1|slo
015 |a SNBRA2008/08  |2 svkbbbg 
038 |a SNKBUCL 
038 |a SVKBBBG 
040 |a SVKBBBG  |b slo  |c SVKBBBG  |e AACR2 
041 0 |a slo 
044 |a xo  |c SK 
072 7 |a 94(437)  |x Dejiny Česka a Slovenska  |2 konspekt 
072 7 |a 355/359  |x Vojenstvo. Obrana krajiny. Ozbrojené sily  |2 konspekt 
080 |a 94(437.6)  |2 2001 
080 |a 355.426(437.6)  |2 2001 
100 1 |a Cséfalvay, František,  |d 1953-  |4 aut.  |9 13736 
245 1 0 |a Koncepcia partizánskej činnosti na Slovensku - plány a skutočnosť  |c František Cséfalvay 
504 |a Bibliogr. odkazy 
650 0 7 |a Slovenské národné povstanie (1944)  |2 svkbbbg  |9 177948 
650 0 7 |a druhá svetová vojna (1939-1945)  |2 svkbbbg  |9 169657 
650 0 7 |a partizánske hnutie  |2 svkbbbg  |9 28865 
651 7 |a Slovensko  |x dejiny  |2 svkbbbg  |9 13278 
773 0 |t Vojenské aspekty Slovenského národného povstania : zborník príspevkov a materiálov z medzinárodnej vedeckej konferencie v Bratislave 23.-24.8.1994  |d Bratislava ; Žilina : Vojenský historický ústav vo Vojenskej informačnej a tlačovej agentúre, 1994  |g S. 86-95 
852 |a SVKBB  |b KIS3GCP 
958 |a NB 
958 |a OS 
999 |c 1348813  |d 1350743